000 00538cam a2200145 4500500
005 20260405001359.0
041 _afre
042 _adc
100 1 0 _aSchumacher, Julio
_eauthor
245 0 0 _aRazmig Keucheyan , Hémisphère gauche , Une cartographie des nouvelles pensées critiques. Zones, 2010, 316 pages, 21 €
260 _c2010.
500 _a7
786 0 _nÉtudes | Tom 413 | 11 | 2010-10-29 | p. XXVII-XXVII | 0014-1941
856 4 1 _uhttps://shs.cairn.info/revue-etudes-2010-11-page-XXVII?lang=fr&redirect-ssocas=7080
999 _c2047025
_d2047025